| 000 -LEADER |
| fixed length control field |
01409 a2200313 4500 |
| 003 - CONTROL NUMBER IDENTIFIER |
| control field |
Nust |
| 005 - DATE AND TIME OF LATEST TRANSACTION |
| control field |
20170207152515.0 |
| 010 ## - LIBRARY OF CONGRESS CONTROL NUMBER |
| LC control number |
2005298909 |
| 020 ## - INTERNATIONAL STANDARD BOOK NUMBER |
| International Standard Book Number |
0890069328 |
| 035 ## - SYSTEM CONTROL NUMBER |
| System control number |
(OCoLC)ocm57544121 |
| 040 ## - CATALOGING SOURCE |
| Transcribing agency |
Nust |
| 082 00 - DEWEY DECIMAL CLASSIFICATION NUMBER |
| Classification number |
681.25 |
| 245 00 - TITLE STATEMENT |
| Title |
Optical fiber sensor technology volume three components and subsystems |
| Statement of responsibility, etc. |
Brian Culshaw, John P. Dakin, chairs/editors |
| 246 30 - VARYING FORM OF TITLE |
| Title proper/short title |
Fiber optic sensor technology |
| 260 ## - PUBLICATION, DISTRIBUTION, ETC. |
| Place of publication, distribution, etc. |
Boston: |
| Name of publisher, distributor, etc. |
Artech house |
| Date of publication, distribution, etc. |
1996. |
| 300 ## - PHYSICAL DESCRIPTION |
| Extent |
viii, 346 p. : |
| Other physical details |
ill. ; |
| Dimensions |
28 cm. |
| 490 1# - SERIES STATEMENT |
| Series statement |
SPIE proceedings series, |
| International Standard Serial Number |
0277-786X ; |
| Volume/sequential designation |
v. 5589 |
| 505 ## - FORMATTED CONTENTS NOTE |
| Formatted contents note |
Revisiting Optical Fiber Sensor (Page-1), Fiber Gratings (Page-9),Evanescent Coupled Components (Page-69), Optical Fiber Laser And Amplifiers (Page-103), Advances In High Speed OTDR Detection Techniques (Page-145), Spectral Measurement Techniques For Optical Fiber Sensors (Page-191)index 229 |
| 538 ## - SYSTEM DETAILS NOTE |
| System details note |
Almirah No 26 Shelf No 5 |
| 650 #0 - SUBJECT ADDED ENTRY--TOPICAL TERM |
| Topical term or geographic name entry element |
Multiplexing |
| 650 #0 - SUBJECT ADDED ENTRY--TOPICAL TERM |
| Topical term or geographic name entry element |
Telecommunication engineering |
| 700 1# - ADDED ENTRY--PERSONAL NAME |
| Personal name |
Culshaw, B. |
| 700 1# - ADDED ENTRY--PERSONAL NAME |
| Personal name |
Dakin, John, |
| Dates associated with a name |
1947- |
| 700 1# - ADDED ENTRY--PERSONAL NAME |
| Personal name |
Marcus, Michael A. |
| Dates associated with a name |
1952- |
| 710 2# - ADDED ENTRY--CORPORATE NAME |
| Corporate name or jurisdiction name as entry element |
Denshi J寨寠Ts嵳hin Gakkai (Japan). |
| Subordinate unit |
Erekutoronikusu Sosaieti. |
| 710 2# - ADDED ENTRY--CORPORATE NAME |
| Corporate name or jurisdiction name as entry element |
Denshi J寨寠Ts嵳hin Gakkai (Japan). |
| Subordinate unit |
Ts嵳hin Sosaieti. |
| 710 2# - ADDED ENTRY--CORPORATE NAME |
| Corporate name or jurisdiction name as entry element |
Society of Photo-optical Instrumentation Engineers. |
| 830 #0 - SERIES ADDED ENTRY--UNIFORM TITLE |
| Uniform title |
Proceedings of SPIE--the International Society for Optical Engineering ; |
| 942 ## - ADDED ENTRY ELEMENTS (KOHA) |
| Koha item type |
Reference |